| 000 | 00000nam 2200000zi 4500 |
| 001 | 9.953904 |
| 003 | CaOODSP |
| 005 | 20250808113703 |
| 006 | m o d f |
| 007 | cr |n||||||||| |
| 008 | 250808e202408##quc ob f|0| 0 fre d |
| 040 | |aCaOODSP|bfre|erda|cCaOODSP |
| 043 | |an-cn--- |
| 086 | |aSE3-143/2024F-PDF |
| 245 | 00|aRépercussions d’une élection générale à date fixe en octobre 2025 sur les groupes religieux et culturels : |brapport de consultation. |
| 264 | 1|a[Gatineau, Québec] : |bÉlections Canada, |caoût 2024. |
| 300 | |a1 ressource en ligne (31 pages) |
| 336 | |atexte|btxt|2rdacontent/fre |
| 337 | |ainformatique|bc|2rdamedia/fre |
| 338 | |aressource en ligne|bcr|2rdacarrier/fre |
| 500 | |aPublié aussi en anglais sous le titre : Impacts of an October 2025 fixed-date general election on religious and cultural groups: consultation report. |
| 504 | |aComprend des références bibliographiques. |
| 650 | 6|aÉlections|zCanada|xGestion. |
| 650 | 6|aMinorités visibles|xActivité politique|zCanada. |
| 650 | 6|aMinorités religieuses|xActivité politique|zCanada. |
| 710 | 2 |aÉlections Canada, |eorganisme de publication. |
| 775 | 08|tImpacts of an October 2025 fixed-date general election on religious and cultural groups : |w(CaOODSP)9.953245 |
| 856 | 40|qPDF|s790 Ko|uhttps://publications.gc.ca/collections/collection_2025/elections/SE3-143-2024-fra.pdf |
| 856 | 4 |qHTML|sS.O.|uhttps://www.elections.ca/content.aspx?section=res&dir=rep/oth/imp&document=index&lang=f |